[Event "Titled Tuesday intern op 06th Feb Late"]
[Site "Chess.com INT"]
[Date "2024.02.06"]
[Round "11"]
[White "Antonio, Jorge Carlos"]
[Black "Khakhinov, Ilya"]
[Result "0-1"]
[WhiteElo "2277"]
[BlackElo "2236"]
[PlyCount "76"]
[EventDate "2024.02.06"]
[EventType "swiss (blitz)"]
[EventRounds "11"]
[EventCountry "USA"]
[SourceTitle "CB07_2024"]
[SourceDate "2024.02.14"]
[SourceVersion "1"]
[SourceVersionDate "2024.02.14"]
[SourceQuality "1"]

1. d4 d5 2. Nf3 e6 3. Bf4 Bd6 4. Bxd6 Qxd6 5. e3 Nf6 6. c4 dxc4 7. Bxc4 Qb4+ 8. Nbd2 0-0 9. Qb3 Qd6 10. 0-0 a6 11. Bd3 b6 12. Rac1 Bb7 13. Qc2 Rc8 14. Qd1 c5 15. Qe2 Nbd7 16. dxc5 Nxc5 17. Bb1 a5 18. Nd4 Ba6 19. Nc4 Qe7 20. Qd2 Ncd7 21. b3 Bxc4 22. Rxc4 Rxc4 23. bxc4 Rc8 24. Rc1 Ne5 25. Bd3 Qa3 26. Bf1 h6 27. Nb5 Qa4 28. Qc2 Qb4 29. a3 Qc5 30. Qb3 Nfd7 31. Be2 Qc6 32. f3 Nc5 33. Qc3 Ncd7 34. Kf2 Qc5 35. Nd4 Nf6 36. Nb5 Neg4+ 37. fxg4 Ne4+ 38. Kf3 Nxc3 0-1

[Event "Titled Tuesday intern op 16th Jan Late"]
[Site "Chess.com INT"]
[Date "2024.01.16"]
[Round "3"]
[White "Coca Cubillos, Jesus Alberto"]
[Black "Antonio, Jorge Carlos"]
[Result "1-0"]
[WhiteElo "1944"]
[BlackElo "2277"]
[PlyCount "91"]
[EventDate "2024.01.16"]
[EventType "swiss (blitz)"]
[EventRounds "11"]
[EventCountry "USA"]
[SourceTitle "CB04_2024"]
[SourceDate "2023.10.16"]
[SourceVersion "1"]
[SourceVersionDate "2023.10.16"]
[SourceQuality "1"]

1. f4 d5 2. Nf3 g6 3. e3 Bg7 4. d4 Nf6 5. c3 Ne4 6. Bd3 Bg4 7. 0-0 Bxf3 8. gxf3 Nf6 9. Kh1 e6 10. Nd2 Nbd7 11. Qe2 c5 12. Rg1 cxd4 13. cxd4 0-0 14. Nf1 Qb6 15. Ng3 h5 16. b3 Rac8 17. Ba3 Rfe8 18. f5 exf5 19. Bxf5 Rc3 20. Bd3 h4 21. Nf1 Rcc8 22. Rg2 Nh5 23. Qd2 Qc7 24. Rc1 Qd8 25. Rxc8 Qxc8 26. Bb2 a6 27. Qf2 Qd8 28. Rg4 Bf6 29. e4 dxe4 30. fxe4 Ng7 31. e5 Be7 32. Bc4 Kh7 33. Bxf7 Rf8 34. Bxg6+ Kh8 35. Qg1 Qa5 36. Ne3 Qd2 37. Nc4 Qe2 38. Rg2 Qf3 39. Qe3 Qd1+ 40. Rg1 Rf1 41. Qh6+ Kg8 42. Bh7+ Kf8 43. Qxg7+ Ke8 44. Nd6+ Bxd6 45. exd6 h3 46. Qe7# 1-0

[Event "Titled Tuesday intern op 12th Dec Early"]
[Site "Chess.com INT"]
[Date "2023.12.12"]
[Round "7"]
[White "Bogaudinov, Rushan"]
[Black "Antonio, Jorge Carlos"]
[Result "1-0"]
[WhiteElo "1853"]
[BlackElo "2277"]
[PlyCount "113"]
[EventDate "2023.12.12"]
[EventType "swiss (blitz)"]
[EventRounds "11"]
[EventCountry "USA"]
[SourceTitle "CB51_2023"]
[SourceDate "2023.12.20"]
[SourceVersion "1"]
[SourceVersionDate "2023.12.20"]
[SourceQuality "1"]

1. d4 d5 2. Nf3 c6 3. e3 Nf6 4. Be2 Bf5 5. 0-0 e6 6. b3 Be7 7. Bb2 0-0 8. c4 Nbd7 9. Nc3 Rc8 10. a4 Ne4 11. Nxe4 Bxe4 12. Nd2 Bg6 13. c5 b6 14. b4 a5 15. cxb6 Qxb6 16. b5 c5 17. dxc5 Nxc5 18. Bd4 Bf6 19. Bxf6 gxf6 20. Nf3 Ne4 21. Bd3 Nc5 22. Bxg6 hxg6 23. Nd4 Kg7 24. h4 Rh8 25. g3 Qd6 26. Rb1 Ne4 27. Qg4 Nd2 28. b6 Nxf1 29. Kxf1 Rb8 30. Rb5 Rxb6 31. Rxa5 Rb1+ 32. Kg2 Qe5 33. Ra7 Qe4+ 34. Qxe4 dxe4 35. Nxe6+ Kh6 36. Rxf7 f5 37. Nf4 Ra1 38. Rf6 Rg8 39. h5 Kg5 40. Ra6 gxh5 41. Nh3+ Kg4 42. Nf4 h4 43. Nd5 Kg5 44. gxh4+ Kxh4+ 45. Kh2 Kg4 46. Kg2 Kh5+ 47. Kh2 Rg4 48. Nf6+ Kg5 49. Nxg4 Kxg4 50. Kg2 Ra2 51. Ra8 Kg5 52. a5 Kg6 53. Kg3 Kg7 54. a6 Kh7 55. a7 Kg7 56. f4 Rg2+ 57. Kxg2 1-0

[Event "Titled Tuesday intern op 05th Sep Early"]
[Site "Chess.com INT"]
[Date "2023.09.05"]
[Round "3"]
[White "Domingo Nunez, Alejandro"]
[Black "Antonio, Jorge Carlos"]
[Result "1-0"]
[WhiteElo "2313"]
[BlackElo "2277"]
[PlyCount "57"]
[EventDate "2023.09.05"]
[EventType "swiss (blitz)"]
[EventRounds "11"]
[EventCountry "USA"]
[SourceTitle "EXT 2024"]
[Source "ChessBase"]
[SourceDate "2023.10.10"]
[SourceVersion "1"]
[SourceVersionDate "2023.10.10"]
[SourceQuality "1"]

1. Nf3 d5 2. g3 c6 3. Bg2 Bf5 4. 0-0 Nd7 5. d3 e5 6. Qe1 e4 7. Nh4 Qf6 8. Nxf5 Qxf5 9. c4 Ngf6 10. cxd5 cxd5 11. Qa5 b6 12. Qb5 Bc5 13. Nc3 a6 14. Qc6 0-0 15. dxe4 dxe4 16. Nxe4 Ng4 17. Nxc5 bxc5 18. Qa4 Rab8 19. Bh3 h5 20. f3 Rb4 21. Qd1 Nde5 22. fxg4 Qe6 23. Bf4 Nxg4 24. Qc2 Re8 25. Rae1 Re4 26. e3 f6 27. Bg2 Rc4 28. Qd3 g5 29. Bd5 1-0

[Event "Titled Tuesday intern op 29th Aug Early"]
[Site "Chess.com INT"]
[Date "2023.08.29"]
[Round "1"]
[White "Antonio, Jorge Carlos"]
[Black "Omelja, Artem"]
[Result "0-1"]
[WhiteElo "2277"]
[BlackElo "2435"]
[PlyCount "82"]
[EventDate "2023.08.29"]
[EventType "swiss (blitz)"]
[EventRounds "11"]
[EventCountry "USA"]
[SourceTitle "EXT 2024"]
[Source "ChessBase"]
[SourceDate "2023.10.10"]
[SourceVersion "1"]
[SourceVersionDate "2023.10.10"]
[SourceQuality "1"]

1. d4 Nf6 2. Nf3 e6 3. Bf4 d5 4. e3 Bd6 5. Ne5 0-0 6. c3 c5 7. Bd3 Nc6 8. Nd2 Qc7 9. Ndf3 b6 10. 0-0 Bb7 11. Nxc6 Bxc6 12. Bxd6 Qxd6 13. Ne5 Rfc8 14. f4 b5 15. g4 b4 16. g5 Ne4 17. Rf3 bxc3 18. bxc3 Nxc3 19. Bxh7+ Kf8 20. Qe1 cxd4 21. exd4 Bb5 22. Rxc3 f6 23. gxf6 gxf6 24. Ng6+ Ke8 25. Re3 Kd7 26. Qh4 Rc2 27. Qxf6 Rac8 28. Ne5+ Kc7 29. a4 Bc4 30. Qf7+ Kb6 31. Rb1+ Ka5 32. Qxa7+ Ba6 33. Reb3 Rc1+ 34. Kg2 Rxb1 35. Rxb1 Rc2+ 36. Kg3 Rc3+ 37. Nf3 Qd8 38. Qb8 Qxb8 39. Rxb8 Be2 40. Ra8+ Kb4 41. a5 Rxf3+ 0-1

[Event "Titled Tuesday intern op 22nd Aug Late"]
[Site "Chess.com INT"]
[Date "2023.08.22"]
[Round "5"]
[White "Antonio, Jorge Carlos"]
[Black "Bilan, Danila"]
[Result "0-1"]
[WhiteElo "2277"]
[BlackElo "2303"]
[PlyCount "100"]
[EventDate "2023.08.22"]
[EventType "swiss (blitz)"]
[EventRounds "11"]
[EventCountry "USA"]
[SourceTitle "EXT 2024"]
[Source "ChessBase"]
[SourceDate "2023.10.10"]
[SourceVersion "1"]
[SourceVersionDate "2023.10.10"]
[SourceQuality "1"]

1. d4 d5 2. Nf3 Nf6 3. Bf4 c5 4. e3 Nc6 5. c3 Qb6 6. Qb3 c4 7. Qxb6 axb6 8. Nbd2 b5 9. Be2 b4 10. 0-0 h6 11. a3 bxc3 12. bxc3 Bf5 13. Ne5 e6 14. f3 Nxe5 15. Bxe5 Kd7 16. Bxf6 gxf6 17. e4 Bg6 18. f4 f5 19. e5 Bxa3 20. Rfb1 Kc7 21. Kf2 Be7 22. Rxa8 Rxa8 23. Rb2 Ra1 24. Bf3 b6 25. h3 Ba3 26. Rb1 Ra2 27. Ke3 Bb2 28. Rg1 Bxc3 29. Nb1 Bb2 30. g4 Ra3+ 31. Ke2 Bxd4 32. gxf5 Ra2+ 33. Kf1 Bxf5 34. Rg7 Rf2+ 35. Ke1 Rxf3 36. Rxf7+ Kc6 37. Nd2 Bc3 38. Ke2 Rxh3 39. Nf1 Bd3+ 40. Kf2 Bd4+ 41. Kg2 Bxf1+ 42. Kxf1 c3 43. Rf6 c2 44. Rxe6+ Kc5 45. Kg2 Re3 46. Re8 Kc4 47. Rc8+ Bc5 48. f5 c1Q 49. e6 Qd2+ 50. Kh1 Re1# 0-1

[Event "Titled Tuesday intern op 22nd Aug Late"]
[Site "Chess.com INT"]
[Date "2023.08.22"]
[Round "10"]
[White "Antonio, Jorge Carlos"]
[Black "Vovk, Orest"]
[Result "0-1"]
[WhiteElo "2277"]
[BlackElo "2315"]
[PlyCount "54"]
[EventDate "2023.08.22"]
[EventType "swiss (blitz)"]
[EventRounds "11"]
[EventCountry "USA"]
[SourceTitle "EXT 2024"]
[Source "ChessBase"]
[SourceDate "2023.10.10"]
[SourceVersion "1"]
[SourceVersionDate "2023.10.10"]
[SourceQuality "1"]

1. d4 e6 2. Nf3 Nf6 3. c4 Bb4+ 4. Bd2 a5 5. a3 Bxd2+ 6. Nbxd2 a4 7. e3 0-0 8. Nb1 d6 9. Nc3 Re8 10. Nxa4 e5 11. dxe5 dxe5 12. Qxd8 Rxd8 13. Nxe5 Rxa4 14. b4 Be6 15. Nd3 Nbd7 16. c5 Rda8 17. c6 bxc6 18. Nf4 Rxa3 19. Rc1 Ra1 20. Kd2 Rxc1 21. Kxc1 Bc4 22. Kb2 Bxf1 23. Rxf1 Nd5 24. Nxd5 cxd5 25. Rc1 Ra7 26. Rc5 Nb6 27. Kc3 Na4+ 0-1

[Event "Titled Tuesday intern op 01st Aug Early"]
[Site "Chess.com INT"]
[Date "2023.08.01"]
[Round "5"]
[White "Antonio, Jorge Carlos"]
[Black "Shubenkova, Veronika"]
[Result "1/2-1/2"]
[WhiteElo "2277"]
[BlackElo "2050"]
[PlyCount "53"]
[EventDate "2023.08.01"]
[EventType "swiss (blitz)"]
[EventRounds "11"]
[EventCountry "USA"]
[SourceTitle "EXT 2024"]
[Source "ChessBase"]
[SourceDate "2023.10.10"]
[SourceVersion "1"]
[SourceVersionDate "2023.10.10"]
[SourceQuality "1"]

1. d4 e6 2. Nf3 d5 3. Bf4 Bd6 4. Bg3 f5 5. Bxd6 Qxd6 6. Ne5 Nf6 7. e3 Nbd7 8. f4 Qb4+ 9. Nd2 Qxb2 10. Bd3 0-0 11. h3 Qc3 12. 0-0 Nxe5 13. dxe5 Ne4 14. Nf3 c5 15. Qc1 c4 16. Bxe4 fxe4 17. Nd4 Bd7 18. a4 Qa5 19. Qa3 Qd8 20. Qd6 Qe8 21. f5 exf5 22. Qxd5+ Kh8 23. e6 Bxa4 24. Rxf5 Rxf5 25. Qxf5 Rd8 26. Rf1 Bc6 27. Qc5 1/2-1/2

[Event "Titled Tuesday intern op 01st Aug Early"]
[Site "Chess.com INT"]
[Date "2023.08.01"]
[Round "3"]
[White "Gauri, Shankar"]
[Black "Antonio, Jorge Carlos"]
[Result "1-0"]
[WhiteElo "2351"]
[BlackElo "2277"]
[PlyCount "39"]
[EventDate "2023.08.01"]
[EventType "swiss (blitz)"]
[EventRounds "11"]
[EventCountry "USA"]
[SourceTitle "EXT 2024"]
[Source "ChessBase"]
[SourceDate "2023.10.10"]
[SourceVersion "1"]
[SourceVersionDate "2023.10.10"]
[SourceQuality "1"]

1. e4 c5 2. Nf3 e6 3. g3 Nc6 4. Bg2 d6 5. 0-0 g6 6. d4 cxd4 7. Nxd4 Bg7 8. Be3 Nge7 9. Nc3 0-0 10. Ndb5 Qa5 11. Qxd6 Bxc3 12. Nxc3 Rd8 13. Qf4 b6 14. Qf6 Ba6 15. Rfd1 Qe5 16. Bg5 Qxf6 17. Bxf6 Rxd1+ 18. Rxd1 Kf8 19. e5 Nb4 20. Bxa8 1-0

[Event "Titled Tuesday intern op 11th Jul Late"]
[Site "Chess.com INT"]
[Date "2023.07.11"]
[Round "1"]
[White "Antonio, Jorge Carlos"]
[Black "Kirillov, Dmitry1111"]
[Result "1-0"]
[WhiteElo "2277"]
[BlackElo "2206"]
[PlyCount "71"]
[EventDate "2023.07.11"]
[EventType "swiss (blitz)"]
[EventRounds "11"]
[EventCountry "USA"]
[SourceTitle "EXT 2024"]
[Source "ChessBase"]
[SourceDate "2023.10.10"]
[SourceVersion "1"]
[SourceVersionDate "2023.10.10"]
[SourceQuality "1"]

1. d4 Nf6 2. Nf3 e6 3. Bf4 d5 4. e3 Bd6 5. Ne5 0-0 6. Bd3 c5 7. c3 Nc6 8. Nd2 Qc7 9. Ndf3 b6 10. 0-0 Bb7 11. Rc1 Rad8 12. Bg3 h6 13. Nxc6 Bxc6 14. Bxd6 Qxd6 15. Ne5 Bb7 16. f4 Ne4 17. Rf3 f6 18. Ng6 Rf7 19. g3 Kh7 20. Nh4 f5 21. Rf1 Rg8 22. Nf3 g5 23. Bxe4 dxe4 24. Ne5 Rf6 25. Kf2 Ba6 26. Rg1 g4 27. Rh1 h5 28. h3 Rh6 29. hxg4 hxg4 30. Rxh6+ Kxh6 31. Qh1+ Kg7 32. Qh5 Qe7 33. Qg6+ Kf8 34. Qh6+ Ke8 35. Qh5+ Kd8 36. Nc6+ 1-0

[Event "Titled Tuesday intern op 04th Jul Late"]
[Site "Chess.com INT"]
[Date "2023.07.04"]
[Round "7"]
[White "Antonio, Jorge Carlos"]
[Black "Bochnicka, Vladimir1111"]
[Result "0-1"]
[WhiteElo "2277"]
[BlackElo "2330"]
[PlyCount "120"]
[EventDate "2023.07.04"]
[EventType "swiss (blitz)"]
[EventRounds "11"]
[EventCountry "USA"]
[SourceTitle "EXT 2024"]
[Source "ChessBase"]
[SourceDate "2023.10.10"]
[SourceVersion "1"]
[SourceVersionDate "2023.10.10"]
[SourceQuality "1"]

1. d4 Nf6 2. Nf3 g6 3. c4 Bg7 4. Nc3 0-0 5. e4 d6 6. Be2 e5 7. 0-0 Nc6 8. d5 Ne7 9. Ne1 Nd7 10. Be3 f5 11. f3 f4 12. Bf2 g5 13. Rc1 Ng6 14. c5 Nf6 15. cxd6 cxd6 16. Nb5 Rf7 17. Qc2 Ne8 18. Nxa7 Bd7 19. Bb5 Qa5 20. Bxd7 Rxd7 21. b4 Qxb4 22. Rb1 Qa5 23. Nb5 Qxa2 24. Qxa2 Rxa2 25. Nd3 h5 26. Rfc1 g4 27. Rc8 Kf7 28. Nb4 Ra5 29. Nc6 bxc6 30. dxc6 Re7 31. Bb6 Ra6 32. Bd8 Bf8 33. Bxe7 Nxe7 34. Rd8 Nxc6 35. Rd7+ Be7 36. Rd1 g3 37. hxg3 fxg3 38. Nxd6+ Nxd6 39. R1xd6 Ra1+ 40. Rd1 Rxd1+ 41. Rxd1 Bc5+ 42. Kh1 Be3 43. Rd6 Nd4 44. Rd7+ Kg6 45. Rd8 Bf4 46. Rg8+ Kf7 47. Rh8 Ke6 48. Rxh5 Kd6 49. Rh8 Kc5 50. Rc8+ Kb4 51. Rb8+ Kc3 52. Rb1 Kd3 53. Ra1 Bd2 54. Ra3+ Ke2 55. Ra2 Ne6 56. Ra6 Nf4 57. Ra2 Nd3 58. Ra1 Be1 59. Ra2+ Kf1 60. Ra3 Nf2# 0-1

[Event "Titled Tuesday intern op 04th Jul Late"]
[Site "Chess.com INT"]
[Date "2023.07.04"]
[Round "11"]
[White "Antonio, Jorge Carlos"]
[Black "Vega Gutierrez, Sabrina Neide"]
[Result "0-1"]
[WhiteElo "2277"]
[BlackElo "2377"]
[PlyCount "114"]
[EventDate "2023.07.04"]
[EventType "swiss (blitz)"]
[EventRounds "11"]
[EventCountry "USA"]
[SourceTitle "EXT 2024"]
[Source "ChessBase"]
[SourceDate "2023.10.10"]
[SourceVersion "1"]
[SourceVersionDate "2023.10.10"]
[SourceQuality "1"]

1. d4 d5 2. Nf3 e6 3. Bf4 Bd6 4. Bxd6 cxd6 5. e3 Nf6 6. c4 dxc4 7. Bxc4 0-0 8. 0-0 b6 9. Nc3 Bb7 10. Be2 Nbd7 11. Rc1 a6 12. Qb3 b5 13. a4 Rb8 14. axb5 axb5 15. Bxb5 Bc6 16. Qc4 Bxb5 17. Nxb5 Qb6 18. Nc3 Rfc8 19. Qa2 Qxb2 20. Qxb2 Rxb2 21. Rb1 Rxb1 22. Nxb1 Ne4 23. Nbd2 Ndf6 24. Rb1 g5 25. Nxe4 Nxe4 26. h3 Kg7 27. Rf1 h5 28. g4 h4 29. Kg2 Kg6 30. Ne1 Rc2 31. Nd3 Rd2 32. Nb4 Rb2 33. Nc6 Nd2 34. Ne7+ Kf6 35. Nc8 Nxf1 36. Kxf1 d5 37. Na7 Rb6 38. Nc8 Ra6 39. Ke2 Ra2+ 40. Kf3 Ra6 41. Ke2 e5 42. dxe5+ Kxe5 43. Kf3 Ke6 44. Ke2 Kd7 45. Kd3 Kxc8 46. Kd4 Ra2 47. f4 gxf4 48. exf4 Rh2 49. Kxd5 Rxh3 50. Ke5 Rg3 51. g5 h3 52. Kf6 h2 53. Kxf7 h1Q 54. f5 Qh5+ 55. g6 Qxf5+ 56. Kg7 Qxg6+ 57. Kh8 Qg7# 0-1

[Event "Titled Tuesday intern op 04th Jul Late"]
[Site "Chess.com INT"]
[Date "2023.07.04"]
[Round "3"]
[White "Deng, Henry"]
[Black "Antonio, Jorge Carlos"]
[Result "0-1"]
[WhiteElo "2212"]
[BlackElo "2277"]
[PlyCount "50"]
[EventDate "2023.07.04"]
[EventType "swiss (blitz)"]
[EventRounds "11"]
[EventCountry "USA"]
[SourceTitle "EXT 2024"]
[Source "ChessBase"]
[SourceDate "2023.10.10"]
[SourceVersion "1"]
[SourceVersionDate "2023.10.10"]
[SourceQuality "1"]

1. e4 c5 2. Nc3 e6 3. d4 cxd4 4. Qxd4 Nc6 5. Qe3 Nf6 6. Nf3 Bb4 7. Bd2 d6 8. 0-0-0 0-0 9. a3 Ba5 10. h3 Bb6 11. Qe1 e5 12. Bg5 Ba5 13. b4 Nxb4 14. axb4 Bxb4 15. Bd2 Qa5 16. Nb1 Ba3+ 17. Nxa3 Qxa3+ 18. Kb1 Be6 19. c4 Qb3+ 20. Ka1 b5 21. Bc3 Qa3+ 22. Kb1 bxc4 23. Kc2 Rab8 24. Ra1 Qb3+ 25. Kc1 Nxe4 0-1

[Event "Titled Tuesday intern op 27th Jun Early"]
[Site "Chess.com INT"]
[Date "2023.06.27"]
[Round "3"]
[White "Sreyas, Payyappat"]
[Black "Antonio, Jorge Carlos"]
[Result "1-0"]
[WhiteElo "2070"]
[BlackElo "2277"]
[PlyCount "67"]
[EventDate "2023.06.27"]
[EventType "swiss (blitz)"]
[EventRounds "11"]
[EventCountry "USA"]
[SourceTitle "EXT 2024"]
[Source "ChessBase"]
[SourceDate "2023.10.10"]
[SourceVersion "1"]
[SourceVersionDate "2023.10.10"]
[SourceQuality "1"]

1. e4 c5 2. Nf3 e6 3. d4 cxd4 4. Nxd4 a6 5. Nc3 Nc6 6. Be3 Qc7 7. Bd3 Nf6 8. 0-0 Bb4 9. f4 0-0 10. e5 Bxc3 11. bxc3 Nd5 12. Rf3 Nxc3 13. Bxh7+ Kxh7 14. Qd3+ g6 15. Qxc3 Qa5 16. Qd3 Rh8 17. Nxc6 bxc6 18. g4 Qd5 19. Qxd5 cxd5 20. f5 d4 21. Bxd4 Bb7 22. Rf2 gxf5 23. gxf5 Rhg8+ 24. Kf1 Rg4 25. c3 Rag8 26. Ke2 Rg2 27. Raf1 Rxf2+ 28. Rxf2 Rg2 29. f6 Rxf2+ 30. Kxf2 Kg6 31. Ke3 Kh5 32. Kf4 Bc6 33. Bf2 Bd5 34. a4 1-0